00347nam a2200109Ia 4500008004100000082000800041100003000049245004200079942000600121952009500127999001500222240331s9999 xx 000 0 und d bTAM aHindu cultural Center. ed 0aTamil nattar valakattiyal :bresearch cL 001040708LaWERCLbWERCLcSSCd2024-03-31l0o 398 TAMp1493r2024-03-31w2024-03-31yL c3736d3736